Real Analysis (Record no. 5379)

MARC details
000 -LEADER
fixed length control field 00382nam a2200157Ia 4500
003 - CONTROL NUMBER IDENTIFIER
control field SGT
082 ## - DEWEY DECIMAL CLASSIFICATION NUMBER
Classification number 4
Item number SHA
100 ## - MAIN ENTRY--PERSONAL NAME
Personal name Sharma,J.N
245 ## - TITLE STATEMENT
Title Real Analysis
260 ## - PUBLICATION, DISTRIBUTION, ETC. (IMPRINT)
Name of publisher, distributor, etc Krishna Prakashan Mandir
Place of publication, distribution, etc Meerut
Year of Publication 1986
300 ## - PAGE DESCRIPTION
No. of Pages 603p.
650 ## - SUBJECT ADDED ENTRY--TOPICAL TERM
Topical term or geographic name as entry element COMPUTER SCIENCE
653 ## - KEYWORDS--INDEX TERM
Keyword term ELEMENTS SET THEORY, REAL AND COMPLEX NUMBER SYSTEMS
700 ## - ADDED ENTRY--PERSONAL NAME
Personal name Vasishtha,A.R
942 ## - ADDED ENTRY ELEMENTS (KOHA)
Source of classification or shelving scheme Dewey Decimal Classification
Koha item type Books
Holdings
Withdrawn status Lost status Source of classification or shelving scheme Damaged status Not for loan Home library Current library Date acquired SGTU Full call number Accession No. (Barcode) Date last seen Bill Date Koha item type
    Dewey Decimal Classification     SGT Engineering Library SGT Engineering Library 16/10/2011 SGTU 4 SHA FE4273 09/02/2015 09/02/2015 Gifted Books